Thế giới mới.

Na minha lista:
Detalhes bibliográficos
Formato: Periódico
Idioma:Vietnamese
Publicado em: Tp.HCM.
Assuntos:
Tags: Adicionar Tag
Sem tags, seja o primeiro a adicionar uma tag!
Thư viện lưu trữ: Mạng thư viện Đại học Đà Nẵng
LEADER 00598cas a2200265 i 4500
001 000047254
003 6850
005 20030918081150.0
008 010305b vm 000 vie
040 |a IRC  |c IRC  |d IRC 
041 0 |a vie 
082 1 4 |a 000  |b Th-G 
245 0 0 |a Thế giới mới. 
260 |a Tp.HCM. 
300 |c 19,5cm. 
650 0 4 |a Thế giới mới  |v Tạp chí. 
OWN |a DUT 
999 |a From the UDN01 
TYP |a Printed language 
980 |a Mạng thư viện Đại học Đà Nẵng